Lo deseable y lo posible en la Ley de Biodiversidad /

में बचाया:
ग्रंथसूची विवरण
मुख्य लेखक: León, Alvaro
स्वरूप: मूलपाठ
विषय:
टैग: टैग जोड़ें
कोई टैग नहीं, इस रिकॉर्ड को टैग करने वाले पहले व्यक्ति बनें!

MARC

LEADER 00000 a a2200000 04500
001 567
003
040
100 |a León, Alvaro  
245 |a Lo deseable y lo posible en la Ley de Biodiversidad /  |c Alvaro León 
650 |a MEDIO AMBIENTE  
650 |a CULTURA  
650 |a ECOLOGIA  
650 |a EQUILIBRIO ECOLOGICO  
650 |a MERCADO  
650 |a CONVENIOS  
650 |a LIBERALIZACION DEL INTERCAMBIO  
650 |a LEGISLACION  
773 |g número 60; páginas 11-16  
999 |c 24133  |d 24133